Biggest Cities in Meghalaya - Statistics

General Stats
  • This quiz has been taken 23 times
  • The average score is 4 of 12
Answer Stats
Population City % Correct
143,229 Shillong
100%
74,858 Tura
75%
28,430 Jowai
65%
28,742 Nongstoin
55%
24,597 Williamnagar
55%
17,055 Nongpoh
35%
55,012 Mawlai
15%
38,004 Nongthymmai
10%
19,595 Resubelpara
10%
29,194 Madanriting
5%
15,017 Nongmynsong
5%
27,219 Pynthormukhrah
0%
No matching quizzes found
Score Distribution
Percent of People with Each Score
Percentile by Number Answered
Your Score History
You have not taken this quiz